Statistics for Countries with the Youngest Median Age with Exceptions

Click here to take the quiz!

General Stats

  • This quiz has been taken 29 times
  • The average score is 11 of 18

Answer Stats

Median AgeCountry% Correct
19.5Afghanistan
93%
21.2Iraq
82%
22.0Pakistan
82%
23.5Syria
82%
19.8Yemen
79%
24.0Laos
71%
24.1Haiti
68%
23.5Jordan
61%
23.2Guatemala
57%
24.4Honduras
57%
19.6East Timor
54%
24.0Papua New Guinea
54%
24.1Philippines
54%
23.5Solomon Islands
43%
24.1Tonga
43%
23.9Belize
36%
23.0Vanuatu
36%
23.8Marshall Islands
29%

Score Distribution

Percentile by Number Answered

Percent of People with Each Score

Your Score History

You have not taken this quiz